[Event "DVM U20 2023"]
[Site "Magdeburg GER"]
[Date "2023.12.28"]
[Round "4"]
[White "Kanzow, Alexander"]
[Black "Reimer, Philip"]
[Result "0-1"]
[Termination "normal"]
[Board "4.1"]
[WhiteElo "1839"]
[BlackElo "2152"]
[WhiteClock "00:36:30"]
[BlackClock "00:28:05"]
[WhiteTeam "KSV Rochade Göttingen (Veltheim)"]
[BlackTeam "SK Lehrte 1919"]
[PlyCount "84"]
[WhiteFideId "16225414"]
[BlackFideId "16235860"]
[EventCountry "GER"]
[EventRounds "7"]
[EventType "team-swiss"]
[EventDate "2023.12.26"]

1. Nf3 {[%clk 01:30:57]} {[%emt 00:00:02]} Nf6 {[%clk 01:30:52]} {[%emt
00:00:08]} 2. c4 {[%clk 01:31:12]} {[%emt 00:00:15]} e6 {[%clk 01:31:16]}
{[%emt 00:00:07]} 3. g3 {[%clk 01:31:33]} {[%emt 00:00:09]} d5 {[%clk
01:31:26]} {[%emt 00:00:20]} 4. Bg2 {[%clk 01:31:41]} {[%emt 00:00:22]} Be7
{[%clk 01:31:49]} {[%emt 00:00:08]} 5. O-O {[%clk 01:31:45]} {[%emt 00:00:26]}
O-O {[%clk 01:32:13]} {[%emt 00:00:06]} 6. b3 {[%clk 01:31:53]} {[%emt
00:00:22]} c5 {[%clk 01:32:07]} {[%emt 00:00:36]} 7. cxd5 {[%clk 01:29:41]}
{[%emt 00:02:42]} Nxd5 {[%clk 01:30:02]} {[%emt 00:02:36]} 8. Bb2 {[%clk
01:29:38]} {[%emt 00:00:33]} Nc6 {[%clk 01:29:41]} {[%emt 00:00:50]} 9. Nc3
{[%clk 01:29:07]} {[%emt 00:01:02]} b6 {[%clk 01:16:23]} {[%emt 00:13:49]} 10.
Nxd5 {[%clk 01:27:52]} {[%emt 00:01:44]} exd5 {[%clk 01:15:59]} {[%emt
00:00:54]} 11. d4 {[%clk 01:28:09]} {[%emt 00:00:12]} Re8 {[%clk 01:01:11]}
{[%emt 00:15:19]} 12. Qd2 {[%clk 01:23:25]} {[%emt 00:05:13]} Be6 {[%clk
00:37:31]} {[%emt 00:24:10]} 13. Rfd1 {[%clk 01:22:22]} {[%emt 00:01:32]} Qc7
{[%clk 00:36:44]} {[%emt 00:01:18]} 14. Rac1 {[%clk 01:22:26]} {[%emt
00:00:27]} Rac8 {[%clk 00:35:34]} {[%emt 00:01:39]} 15. Ng5 {[%clk 01:16:47]}
{[%emt 00:06:08]} cxd4 {[%clk 00:24:06]} {[%emt 00:11:58]} 16. Nxe6 {[%clk
01:15:08]} {[%emt 00:02:08]} fxe6 {[%clk 00:24:16]} {[%emt 00:00:20]} 17. Bxd4
{[%clk 01:14:56]} {[%emt 00:00:43]} Qd7 {[%clk 00:20:11]} {[%emt 00:04:35]} 18.
Bb2 {[%clk 01:14:27]} {[%emt 00:00:59]} Bc5 {[%clk 00:19:12]} {[%emt 00:01:29]}
19. e3 {[%clk 01:11:54]} {[%emt 00:03:02]} Qe7 {[%clk 00:16:26]} {[%emt
00:03:17]} 20. Qe2 {[%clk 01:09:34]} {[%emt 00:02:50]} Rcd8 {[%clk 00:13:41]}
{[%emt 00:03:16]} 21. Kh1 {[%clk 01:05:22]} {[%emt 00:04:40]} Qf7 {[%clk
00:09:02]} {[%emt 00:05:09]} 22. Rd2 {[%clk 01:02:58]} {[%emt 00:02:55]} e5
{[%clk 00:04:37]} {[%emt 00:04:55]} 23. e4 {[%clk 00:58:44]} {[%emt 00:04:44]}
d4 {[%clk 00:03:06]} {[%emt 00:02:02]} 24. Qb5 {[%clk 00:56:54]} {[%emt
00:02:19]} Qf6 {[%clk 00:00:52]} {[%emt 00:02:45]} 25. a3 {[%clk 00:56:00]}
{[%emt 00:01:23]} a5 {[%clk 00:01:20]} {[%emt 00:00:01]} 26. Rf1 {[%clk
00:53:58]} {[%emt 00:02:32]} Qd6 {[%clk 00:01:23]} {[%emt 00:00:28]} 27. f4
{[%clk 00:51:37]} {[%emt 00:02:50]} Rf8 {[%clk 00:01:19]} {[%emt 00:00:35]} 28.
f5 {[%clk 00:51:37]} {[%emt 00:00:30]} Rc8 {[%clk 00:01:14]} {[%emt 00:00:35]}
29. Bh3 {[%clk 00:47:19]} {[%emt 00:04:48]} Qh6 {[%clk 00:01:04]} {[%emt
00:00:39]} 30. f6 {[%clk 00:43:09]} {[%emt 00:04:41]} Qxh3 {[%clk 00:01:09]}
{[%emt 00:00:24]} 31. b4 {[%clk 00:42:50]} {[%emt 00:00:49]} axb4 32. axb4
{[%clk 00:43:19]} Nxb4 {[%clk 00:01:12]} {[%emt 00:00:48]} 33. Rdf2 {[%clk
00:43:17]} {[%emt 00:00:33]} gxf6 {[%clk 00:01:06]} {[%emt 00:00:35]} 34. Ba3
{[%clk 00:42:29]} {[%emt 00:01:18]} Nc6 {[%clk 00:00:36]} {[%emt 00:00:59]} 35.
Bxc5 {[%clk 00:41:37]} {[%emt 00:01:23]} bxc5 {[%clk 00:00:58]} {[%emt
00:00:09]} 36. Qxc5 {[%clk 00:40:28]} {[%emt 00:01:38]} Qe6 {[%clk 00:01:06]}
{[%emt 00:00:22]} 37. g4 {[%clk 00:40:14]} {[%emt 00:00:43]} Ne7 {[%clk
00:01:28]} {[%emt 00:00:08]} 38. Qa7 {[%clk 00:40:38]} {[%emt 00:00:07]} Ng6
{[%clk 00:01:33]} {[%emt 00:00:24]} 39. Rf5 {[%clk 00:41:01]} {[%emt 00:00:07]}
Qc6 {[%clk 00:01:38]} {[%emt 00:00:25]} 40. Qa2+ {[%clk 00:41:09]} {[%emt
00:00:23]} Qc4 {[%clk 00:01:27]} {[%emt 00:00:41]} 41. Qf2 {[%clk 00:41:03]}
{[%emt 00:00:36]} Qd3 {[%clk 00:00:40]} {[%emt 00:01:15]} 42. Qa2+ {[%clk
00:36:30]} {[%emt 00:05:04]} Kh8 {[%clk 00:28:05]} {[%emt 00:03:05]} 0-1

[Event "DVM U20 2023"]
[Site "Magdeburg GER"]
[Date "2023.12.28"]
[Round "4"]
[White "Dornieden, Jonas"]
[Black "Mimkes, Antal"]
[Result "1-0"]
[Termination "normal"]
[Board "4.2"]
[WhiteElo "2036"]
[BlackElo "1823"]
[WhiteClock "00:07:42"]
[BlackClock "00:38:28"]
[WhiteTeam "SK Lehrte 1919"]
[BlackTeam "KSV Rochade Göttingen (Veltheim)"]
[PlyCount "51"]
[WhiteFideId "1336460"]
[BlackFideId "16265963"]
[EventCountry "GER"]
[EventRounds "7"]
[EventType "team-swiss"]
[EventDate "2023.12.26"]

1. e4 {[%clk 01:30:56]} {[%emt 00:00:04]} e5 {[%clk 01:30:44]} {[%emt
00:00:16]} 2. Nf3 {[%clk 01:31:17]} {[%emt 00:00:08]} Nc6 {[%clk 01:30:57]}
{[%emt 00:00:16]} 3. Bc4 {[%clk 01:31:37]} {[%emt 00:00:10]} Nf6 {[%clk
01:31:15]} {[%emt 00:00:12]} 4. d3 {[%clk 01:31:55]} {[%emt 00:00:12]} Qe7
{[%clk 01:31:30]} {[%emt 00:00:15]} 5. c3 {[%clk 01:16:41]} {[%emt 00:15:45]}
Na5 {[%clk 01:31:47]} {[%emt 00:00:12]} 6. Bb5 {[%clk 01:05:49]} {[%emt
00:11:21]} a6 {[%clk 01:32:10]} {[%emt 00:00:07]} 7. Ba4 {[%clk 01:06:13]}
{[%emt 00:00:06]} b5 {[%clk 01:32:22]} {[%emt 00:00:18]} 8. Bc2 {[%clk
01:06:35]} {[%emt 00:00:08]} c5 {[%clk 01:32:41]} {[%emt 00:00:12]} 9. O-O
{[%clk 01:03:30]} {[%emt 00:03:35]} g6 {[%clk 01:30:22]} {[%emt 00:02:48]} 10.
Qe2 {[%clk 00:50:15]} {[%emt 00:13:45]} Bg7 {[%clk 01:28:08]} {[%emt 00:02:44]}
11. Rd1 {[%clk 00:48:50]} {[%emt 00:01:56]} O-O {[%clk 01:25:32]} {[%emt
00:03:05]} 12. Nbd2 {[%clk 00:45:11]} {[%emt 00:04:09]} Nh5 {[%clk 01:20:43]}
{[%emt 00:05:18]} 13. g3 {[%clk 00:37:17]} {[%emt 00:08:25]} d6 {[%clk
01:20:38]} {[%emt 00:00:35]} 14. Nf1 {[%clk 00:36:46]} {[%emt 00:01:00]} f5
{[%clk 01:19:24]} {[%emt 00:01:45]} 15. exf5 {[%clk 00:34:09]} {[%emt
00:03:08]} Bb7 {[%clk 01:14:05]} {[%emt 00:05:48]} 16. d4 {[%clk 00:30:50]}
{[%emt 00:03:49]} cxd4 {[%clk 01:08:19]} {[%emt 00:06:17]} 17. cxd4 {[%clk
00:31:07]} {[%emt 00:00:11]} e4 {[%clk 01:06:12]} {[%emt 00:02:37]} 18. Nh4
{[%clk 00:27:15]} {[%emt 00:04:22]} Qf7 {[%clk 01:03:16]} {[%emt 00:03:26]} 19.
Ne3 {[%clk 00:21:59]} {[%emt 00:05:47]} Nc4 {[%clk 00:50:58]} {[%emt 00:12:48]}
20. fxg6 {[%clk 00:17:41]} {[%emt 00:04:48]} hxg6 {[%clk 00:51:11]} {[%emt
00:00:17]} 21. Nxc4 {[%clk 00:15:26]} {[%emt 00:02:45]} bxc4 {[%clk 00:51:11]}
{[%emt 00:00:30]} 22. Be3 {[%clk 00:13:24]} {[%emt 00:02:31]} Bc6 {[%clk
00:46:43]} {[%emt 00:04:59]} 23. Qg4 {[%clk 00:11:34]} {[%emt 00:02:19]} Rab8
{[%clk 00:42:57]} {[%emt 00:04:16]} 24. b3 {[%clk 00:10:06]} {[%emt 00:01:58]}
g5 {[%clk 00:39:43]} {[%emt 00:03:45]} 25. Qxg5 {[%clk 00:09:40]} {[%emt
00:00:56]} Nf6 {[%clk 00:38:28]} {[%emt 00:01:45]} 26. Nf5 {[%clk 00:07:42]}
{[%emt 00:02:27]} 1-0

[Event "DVM U20 2023"]
[Site "Magdeburg GER"]
[Date "2023.12.28"]
[Round "4"]
[White "Mimkes, Pavel"]
[Black "Kieselbach, Marvin"]
[Result "1-0"]
[Termination "normal"]
[Board "4.3"]
[WhiteElo "1760"]
[BlackElo "1970"]
[WhiteClock "00:27:19"]
[BlackClock "00:13:53"]
[WhiteTeam "KSV Rochade Göttingen (Veltheim)"]
[BlackTeam "SK Lehrte 1919"]
[PlyCount "58"]
[WhiteFideId "12990833"]
[BlackFideId "16235770"]
[EventCountry "GER"]
[EventRounds "7"]
[EventType "team-swiss"]
[EventDate "2023.12.26"]

1. e4 {[%clk 01:30:57]} {[%emt 00:00:04]} c5 {[%clk 01:30:21]} {[%emt
00:00:40]} 2. b4 {[%clk 01:31:11]} {[%emt 00:00:16]} cxb4 {[%clk 01:30:44]}
{[%emt 00:00:06]} 3. a3 {[%clk 01:31:30]} {[%emt 00:00:11]} d5 {[%clk
01:30:28]} {[%emt 00:00:46]} 4. exd5 {[%clk 01:31:52]} {[%emt 00:00:08]} Nf6
{[%clk 01:30:23]} {[%emt 00:00:35]} 5. axb4 {[%clk 01:32:03]} {[%emt 00:00:19]}
Nxd5 {[%clk 01:30:26]} {[%emt 00:00:27]} 6. b5 {[%clk 01:32:16]} {[%emt
00:00:16]} Bf5 {[%clk 01:26:30]} {[%emt 00:04:25]} 7. Nf3 {[%clk 01:28:27]}
{[%emt 00:04:20]} e6 {[%clk 01:23:54]} {[%emt 00:03:07]} 8. Bb2 {[%clk
01:27:00]} {[%emt 00:01:57]} Nd7 {[%clk 01:19:53]} {[%emt 00:04:30]} 9. Bc4
{[%clk 01:19:34]} {[%emt 00:07:56]} N7b6 {[%clk 01:15:23]} {[%emt 00:04:59]}
10. Bb3 {[%clk 01:16:18]} {[%emt 00:03:49]} Bd6 {[%clk 01:13:07]} {[%emt
00:02:44]} 11. O-O {[%clk 01:14:23]} {[%emt 00:02:26]} O-O {[%clk 01:12:41]}
{[%emt 00:00:56]} 12. c4 {[%clk 01:06:52]} {[%emt 00:08:00]} Nf4 {[%clk
01:07:22]} {[%emt 00:05:49]} 13. d4 {[%clk 01:05:20]} {[%emt 00:02:03]} Bd3
{[%clk 01:06:30]} {[%emt 00:01:20]} 14. Nbd2 {[%clk 01:00:21]} {[%emt
00:05:30]} Be2 {[%clk 01:02:41]} {[%emt 00:04:19]} 15. Qb1 {[%clk 00:59:55]}
{[%emt 00:00:56]} Bb4 {[%clk 00:53:08]} {[%emt 00:10:03]} 16. Qe4 {[%clk
00:53:17]} {[%emt 00:07:08]} Bxd2 {[%clk 00:50:26]} {[%emt 00:03:13]} 17. Nxd2
{[%clk 00:52:43]} {[%emt 00:01:05]} Bxf1 {[%clk 00:35:41]} {[%emt 00:15:14]}
18. Nxf1 {[%clk 00:50:37]} {[%emt 00:02:35]} Qg5 {[%clk 00:29:23]} {[%emt
00:06:49]} 19. g3 {[%clk 00:50:04]} {[%emt 00:01:04]} Ng6 {[%clk 00:27:36]}
{[%emt 00:02:16]} 20. Qxb7 {[%clk 00:47:04]} {[%emt 00:03:30]} Rfb8 {[%clk
00:26:14]} {[%emt 00:01:50]} 21. Qe4 {[%clk 00:43:38]} {[%emt 00:03:58]} Ne7
{[%clk 00:20:39]} {[%emt 00:06:04]} 22. Ne3 {[%clk 00:42:32]} {[%emt 00:01:36]}
Rd8 {[%clk 00:19:45]} {[%emt 00:01:24]} 23. Ba3 {[%clk 00:37:44]} {[%emt
00:05:19]} Nf5 {[%clk 00:19:22]} {[%emt 00:00:52]} 24. Bc5 {[%clk 00:34:35]}
{[%emt 00:03:39]} Nxe3 {[%clk 00:14:46]} {[%emt 00:05:08]} 25. fxe3 {[%clk
00:34:09]} {[%emt 00:00:54]} Nd7 {[%clk 00:14:03]} {[%emt 00:01:13]} 26. Bxa7
{[%clk 00:32:00]} {[%emt 00:02:40]} Nf6 {[%clk 00:14:22]} {[%emt 00:00:11]} 27.
Qf3 {[%clk 00:29:20]} {[%emt 00:03:09]} Ng4 {[%clk 00:14:30]} {[%emt 00:00:23]}
28. b6 {[%clk 00:27:47]} {[%emt 00:02:05]} Nxe3 {[%clk 00:13:53]} {[%emt
00:01:06]} 29. b7 {[%clk 00:27:19]} {[%emt 00:00:58]} Qxg3+ {[%emt 00:00:06]}
1-0

[Event "DVM U20 2023"]
[Site "Magdeburg GER"]
[Date "2023.12.28"]
[Round "4"]
[White "Kieselbach, Jannik"]
[Black "Nizamova, Rita"]
[Result "1-0"]
[Termination "normal"]
[Board "4.4"]
[WhiteElo "1914"]
[BlackElo "1794"]
[WhiteClock "00:03:07"]
[BlackClock "00:01:16"]
[WhiteTeam "SK Lehrte 1919"]
[BlackTeam "KSV Rochade Göttingen (Veltheim)"]
[PlyCount "73"]
[WhiteFideId "16246403"]
[BlackFideId "16221940"]
[EventCountry "GER"]
[EventRounds "7"]
[EventType "team-swiss"]
[EventDate "2023.12.26"]

1. e4 {[%clk 01:30:56]} {[%emt 00:00:03]} c6 {[%clk 01:30:56]} {[%emt
00:00:05]} 2. Nc3 {[%clk 01:30:42]} {[%emt 00:00:42]} d5 {[%clk 01:31:21]}
{[%emt 00:00:07]} 3. Nf3 {[%clk 01:26:24]} {[%emt 00:04:47]} Bg4 {[%clk
01:31:45]} {[%emt 00:00:06]} 4. exd5 {[%clk 01:24:28]} {[%emt 00:02:26]} cxd5
{[%clk 01:24:30]} {[%emt 00:07:47]} 5. d4 {[%clk 01:24:38]} {[%emt 00:00:19]}
e6 {[%clk 01:24:35]} {[%emt 00:00:25]} 6. Be2 {[%clk 01:24:39]} {[%emt
00:00:28]} Nc6 {[%clk 01:24:20]} {[%emt 00:00:46]} 7. O-O {[%clk 01:22:26]}
{[%emt 00:02:42]} Nge7 {[%clk 01:22:24]} {[%emt 00:02:27]} 8. h3 {[%clk
01:19:46]} {[%emt 00:03:10]} Bxf3 {[%clk 01:22:44]} {[%emt 00:00:10]} 9. Bxf3
{[%clk 01:20:05]} {[%emt 00:00:11]} Nf5 {[%clk 01:22:13]} {[%emt 00:01:01]} 10.
Ne2 {[%clk 00:46:27]} {[%emt 00:34:07]} Bd6 {[%clk 01:19:38]} {[%emt 00:03:05]}
11. c3 {[%clk 00:45:09]} {[%emt 00:01:48]} Qc7 {[%clk 01:17:44]} {[%emt
00:02:25]} 12. Qd3 {[%clk 00:41:37]} {[%emt 00:04:01]} O-O {[%clk 01:14:36]}
{[%emt 00:03:37]} 13. Bxd5 {[%clk 00:37:19]} {[%emt 00:04:49]} Nfxd4 {[%clk
01:05:09]} {[%emt 00:09:58]} 14. Nxd4 {[%clk 00:36:02]} {[%emt 00:01:46]} exd5
{[%clk 00:54:36]} {[%emt 00:11:03]} 15. Nb5 {[%clk 00:29:21]} {[%emt 00:07:11]}
Qd7 {[%clk 00:54:24]} {[%emt 00:00:43]} 16. Rd1 {[%clk 00:23:17]} {[%emt
00:06:33]} Rfe8 {[%clk 00:45:55]} {[%emt 00:09:00]} 17. Be3 {[%clk 00:20:19]}
{[%emt 00:03:27]} Rad8 {[%clk 00:34:51]} {[%emt 00:11:35]} 18. Nxa7 {[%clk
00:07:55]} {[%emt 00:12:53]} Bb8 {[%clk 00:20:04]} {[%emt 00:15:17]} 19. Nxc6
{[%clk 00:07:28]} {[%emt 00:00:56]} Qxc6 {[%clk 00:20:25]} {[%emt 00:00:10]}
20. Re1 {[%clk 00:05:48]} {[%emt 00:02:10]} Re6 {[%clk 00:18:34]} {[%emt
00:02:21]} 21. Bd4 {[%clk 00:03:26]} {[%emt 00:02:51]} Rde8 {[%clk 00:15:10]}
{[%emt 00:03:55]} 22. Qd2 {[%clk 00:02:32]} {[%emt 00:01:23]} Qc7 {[%clk
00:13:01]} {[%emt 00:02:37]} 23. g3 {[%clk 00:02:54]} {[%emt 00:00:11]} Qe7
{[%clk 00:12:31]} {[%emt 00:01:00]} 24. Kf1 {[%clk 00:02:58]} {[%emt 00:00:25]}
Qd7 {[%clk 00:12:40]} {[%emt 00:00:22]} 25. Kg2 {[%clk 00:02:40]} {[%emt
00:00:47]} h6 {[%clk 00:10:44]} {[%emt 00:02:28]} 26. Re3 {[%clk 00:02:13]}
{[%emt 00:00:56]} f5 {[%clk 00:08:12]} {[%emt 00:03:01]} 27. Rae1 {[%clk
00:02:15]} {[%emt 00:00:28]} f4 {[%clk 00:06:45]} {[%emt 00:02:49]} 28. Rxe6
{[%clk 00:02:22]} {[%emt 00:00:31]} Rxe6 {[%clk 00:07:14]} {[%emt 00:00:01]}
29. g4 {[%clk 00:01:58]} {[%emt 00:00:54]} h5 {[%clk 00:02:47]} {[%emt
00:04:58]} 30. Rxe6 {[%clk 00:02:15]} {[%emt 00:00:13]} Qxe6 {[%clk 00:03:15]}
31. f3 {[%clk 00:02:16]} {[%emt 00:00:29]} Qe7 {[%clk 00:02:45]} {[%emt
00:01:01]} 32. Bf2 {[%clk 00:02:18]} {[%emt 00:00:27]} Qe6 {[%clk 00:01:59]}
{[%emt 00:01:15]} 33. c4 {[%clk 00:02:03]} {[%emt 00:00:46]} hxg4 {[%clk
00:01:12]} {[%emt 00:01:17]} 34. hxg4 {[%clk 00:02:20]} {[%emt 00:00:13]} Qa6
{[%clk 00:00:46]} {[%emt 00:00:56]} 35. Qxd5+ {[%clk 00:02:37]} {[%emt
00:00:13]} Kh7 {[%clk 00:01:09]} {[%emt 00:00:08]} 36. Qf5+ {[%clk 00:02:55]}
{[%emt 00:00:11]} g6 {[%clk 00:01:16]} {[%emt 00:00:25]} 37. Qf7+ {[%clk
00:03:07]} {[%emt 00:00:17]} 1-0

[Event "DVM U20 2023"]
[Site "Magdeburg GER"]
[Date "2023.12.28"]
[Round "4"]
[White "Tulchynsky, David"]
[Black "Ahlbrecht, Malte"]
[Result "1/2-1/2"]
[Termination "normal"]
[Board "4.5"]
[WhiteElo "1748"]
[BlackElo "1727"]
[WhiteClock "00:38:47"]
[BlackClock "00:07:35"]
[WhiteTeam "KSV Rochade Göttingen (Veltheim)"]
[BlackTeam "SK Lehrte 1919"]
[PlyCount "97"]
[WhiteFideId "16289560"]
[BlackFideId "34620001"]
[EventCountry "GER"]
[EventRounds "7"]
[EventType "team-swiss"]
[EventDate "2023.12.26"]

1. e4 {[%clk 01:30:56]} {[%emt 00:00:02]} c5 {[%clk 01:30:59]} {[%emt
00:00:04]} 2. d4 {[%clk 01:31:18]} {[%emt 00:00:06]} cxd4 {[%clk 01:31:26]}
{[%emt 00:00:04]} 3. c3 {[%clk 01:31:39]} {[%emt 00:00:07]} Nf6 {[%clk
01:31:53]} {[%emt 00:00:05]} 4. e5 {[%clk 01:32:04]} {[%emt 00:00:04]} Nd5
{[%clk 01:31:44]} {[%emt 00:00:40]} 5. Nf3 {[%clk 01:32:27]} {[%emt 00:00:06]}
Nc6 {[%clk 01:32:07]} {[%emt 00:00:10]} 6. cxd4 {[%clk 01:31:57]} {[%emt
00:00:58]} d6 {[%clk 01:32:34]} {[%emt 00:00:03]} 7. Bc4 {[%clk 01:32:19]}
{[%emt 00:00:07]} Nb6 {[%clk 01:33:03]} {[%emt 00:00:03]} 8. Bb3 {[%clk
01:32:42]} {[%emt 00:00:06]} d5 {[%clk 01:28:14]} {[%emt 00:05:20]} 9. Nc3
{[%clk 01:32:03]} {[%emt 00:01:09]} Bf5 {[%clk 01:28:01]} {[%emt 00:00:43]} 10.
O-O {[%clk 01:30:01]} {[%emt 00:02:31]} h6 {[%clk 01:26:40]} {[%emt 00:01:52]}
11. Be3 {[%clk 01:25:34]} {[%emt 00:04:57]} e6 {[%clk 01:26:45]} {[%emt
00:00:26]} 12. Bc2 {[%clk 01:23:16]} {[%emt 00:02:47]} Bxc2 {[%clk 01:16:17]}
{[%emt 00:10:56]} 13. Qxc2 {[%clk 01:23:38]} {[%emt 00:00:07]} Be7 {[%clk
01:16:30]} {[%emt 00:00:18]} 14. Nd2 {[%clk 01:20:46]} {[%emt 00:03:22]} Bb4
{[%clk 00:47:06]} {[%emt 00:29:53]} 15. f4 {[%clk 01:12:04]} {[%emt 00:09:13]}
Bxc3 {[%clk 00:32:14]} {[%emt 00:15:23]} 16. bxc3 {[%clk 01:09:38]} {[%emt
00:02:56]} Ne7 {[%clk 00:32:43]} 17. Qd3 {[%clk 01:04:20]} {[%emt 00:05:48]}
Rc8 {[%clk 00:30:42]} {[%emt 00:02:31]} 18. Nf3 {[%clk 00:52:01]} {[%emt
00:12:49]} Qc7 {[%clk 00:23:59]} {[%emt 00:07:12]} 19. Rac1 {[%clk 00:49:24]}
{[%emt 00:03:08]} Qc4 {[%clk 00:23:13]} {[%emt 00:01:16]} 20. Qc2 {[%clk
00:49:14]} {[%emt 00:00:39]} Qa4 {[%clk 00:16:12]} {[%emt 00:07:32]} 21. Qb3
{[%clk 00:43:37]} {[%emt 00:06:09]} Qa6 {[%clk 00:09:15]} {[%emt 00:07:26]} 22.
Rc2 {[%clk 00:41:33]} {[%emt 00:02:33]} Nf5 {[%clk 00:08:05]} {[%emt 00:01:40]}
23. Bc1 {[%clk 00:41:51]} {[%emt 00:00:12]} Nc4 {[%clk 00:07:22]} {[%emt
00:01:14]} 24. Re1 {[%clk 00:39:19]} {[%emt 00:03:02]} Qb6 {[%clk 00:03:35]}
{[%emt 00:04:17]} 25. g4 {[%clk 00:38:11]} {[%emt 00:01:38]} Ne7 {[%clk
00:03:11]} {[%emt 00:00:54]} 26. Rf1 {[%clk 00:35:29]} {[%emt 00:03:11]} g6
{[%clk 00:02:13]} {[%emt 00:01:29]} 27. Re2 {[%clk 00:31:21]} {[%emt 00:04:37]}
h5 {[%clk 00:01:17]} {[%emt 00:01:26]} 28. h3 {[%clk 00:31:32]} {[%emt
00:00:19]} Qxb3 {[%clk 00:00:53]} {[%emt 00:00:55]} 29. axb3 {[%clk 00:31:56]}
{[%emt 00:00:05]} Na5 {[%clk 00:00:48]} {[%emt 00:00:35]} 30. b4 {[%clk
00:32:15]} {[%emt 00:00:12]} Nc4 {[%clk 00:00:57]} {[%emt 00:00:20]} 31. Nd2
{[%clk 00:32:14]} {[%emt 00:00:31]} Kd7 {[%clk 00:00:47]} {[%emt 00:00:42]} 32.
Nb3 {[%clk 00:32:07]} {[%emt 00:00:37]} b6 {[%clk 00:01:16]} 33. Ra2 {[%clk
00:32:25]} {[%emt 00:00:12]} a5 {[%clk 00:00:47]} {[%emt 00:01:00]} 34. bxa5
{[%clk 00:32:40]} {[%emt 00:00:13]} Nxa5 {[%clk 00:00:39]} {[%emt 00:00:38]}
35. Nxa5 {[%clk 00:32:28]} {[%emt 00:00:43]} Ra8 {[%clk 00:00:45]} {[%emt
00:00:23]} 36. Rb2 {[%clk 00:32:01]} {[%emt 00:00:57]} Rxa5 {[%clk 00:00:38]}
{[%emt 00:00:37]} 37. Rxb6 {[%clk 00:32:21]} {[%emt 00:00:10]} Kc7 {[%clk
00:01:03]} {[%emt 00:00:06]} 38. Rb3 {[%clk 00:31:51]} {[%emt 00:00:56]} hxg4
{[%clk 00:01:15]} {[%emt 00:00:22]} 39. hxg4 {[%clk 00:31:59]} {[%emt
00:00:23]} Rh4 {[%clk 00:01:43]} {[%emt 00:00:01]} 40. g5 {[%clk 00:31:50]}
{[%emt 00:00:40]} Ra1 {[%clk 00:00:41]} {[%emt 00:01:32]} 41. Ra3 {[%clk
00:31:39]} {[%emt 00:00:41]} Rg4+ {[%clk 00:00:45]} {[%emt 00:00:26]} 42. Kh2
{[%clk 00:31:44]} {[%emt 00:00:24]} Rh4+ {[%clk 00:27:54]} {[%emt 00:03:21]}
43. Kg2 {[%clk 01:02:00]} {[%emt 00:00:13]} Rxa3 {[%clk 00:25:50]} {[%emt
00:02:36]} 44. Bxa3 {[%clk 01:02:26]} {[%emt 00:00:04]} Nf5 {[%clk 00:26:07]}
{[%emt 00:00:12]} 45. Rf3 {[%clk 00:58:52]} {[%emt 00:00:32]} Rg4+ {[%clk
00:20:43]} {[%emt 00:09:25]} 46. Kh2 {[%clk 00:58:59]} {[%emt 00:00:24]} Rh4+
{[%clk 00:18:05]} {[%emt 00:03:08]} 47. Kg2 {[%clk 00:59:22]} {[%emt 00:00:06]}
Rg4+ {[%clk 00:17:01]} {[%emt 00:01:36]} 48. Kf2 {[%clk 00:56:32]} {[%emt
00:03:21]} Rh4 {[%clk 00:07:35]} {[%emt 00:09:54]} 49. Kg2 {[%clk 00:38:47]}
{[%emt 00:18:14]} 1/2-1/2